000 00394nam a22001337a 4500
020 _aNA
082 _222
_a657.044
100 _aspiceland J david, Sepe, jornes F and tomassile lawrence,
245 _aIntermediate accounting /
250 _a2nd
260 _aMc Graw Hill Higher education,
_bMc Graw Hill Higher education,
_cc2001
300 _axxxii,1092 p, ;
_bNA
_c24cm.
942 _2ddc
_cMATHS
999 _c3662
_d3662